=LDR 00000nam 2200000 4500 =001 INLIS000000000028166 =005 20130612130505 =008 ***********************************ind** =035 ##$$0010-061300000028166 =041 ##$$a ind =082 ##$$a 574.1 =090 ##$$a 574.1, THA p =100 ##$$a Thamrin =245 ##$$a Pintar Biologi SMA, Untuk SMA Kelas 1, 2, dan 3, Thamrin, Abdul Jamal =260 ##$$a 2005 $b Surabaya =300 ##$$a 272 hlm., ilus., 21 cm =650 ##$$a Biologi =650 ##$$a Studi dan Pengajaran =700 ##$$a Jamal, Abdul =850 ##$$a NBPNMAT